Spanish Verbs #6 - 3rd pers. plur. pres - Statistics

General Stats
  • This quiz has been taken 14 times
  • The average score is 46 of 50
Answer Stats
Infinitive ellos/ellas/ustedes % Correct
agradecer agradecen
100%
almorzar almuerzan
100%
caer caen
100%
comer comen
100%
conducir conducen
100%
contar cuentan
100%
dar dan
100%
decir dicen
100%
dormir duermen
100%
encontrar encuentran
100%
entender entienden
100%
estar están
100%
hablar hablan
100%
jugar juegan
100%
morir mueren
100%
oír oyen
100%
pedir piden
100%
pensar piensan
100%
perder pierden
100%
preferir prefieren
100%
poder pueden
100%
querer quieren
100%
saber saben
100%
salir salen
100%
ser son
100%
traer traen
100%
valer valen
100%
ir van
100%
ver ven
100%
vivir viven
100%
volver vuelven
100%
cerrar cierran
80%
conocer conocen
80%
crecer crecen
80%
empezar empiezan
80%
hacer hacen
80%
haber han
80%
poner ponen
80%
proteger protegen
80%
recoger recogen
80%
repetir repiten
80%
sentir sienten
80%
seguir siguen
80%
servir sirven
80%
tener tienen
80%
traducir traducen
80%
venir vienen
80%
dirigir dirigen
60%
elegir eligen
60%
reír ríen
60%
No matching quizzes found
Score Distribution
Percent of People with Each Score
Percentile by Number Answered
Your Score History
You have not taken this quiz